Křehké nepřenášet /

Hlavní autor: Krejčík, Přemysl, 1991-
Jazyk: Čeština
Vydáno: Červený Kostelec : Pavel Mervart, 2015
Témata:
Fyzický popis: 65 stran : ilustrace ; 19 cm
Knihy
Uloženo v:
LEADER 01092cam a2200337 i 4500
001 nkc20152734062
003 CZ PrNK
005 20160212100212.0
007 ta
008 150908s2015 xr a g 000 p cze d
015 |a cnb002734062 
020 |a 978-80-7465-154-0  |q (brožováno) 
035 |a (OCoLC)944217322 
040 |a ULG001  |b cze  |d OLA001  |e rda 
072 7 |a 821.162.3-1  |x Česká poezie  |2 Konspekt  |9 25 
080 |a 821.162.3-1  |2 MRF 
080 |a (0:82-1)  |2 MRF 
100 1 |a Krejčík, Přemysl,  |d 1991-  |7 xx0197400  |4 aut 
245 1 0 |a Křehké nepřenášet /  |c Přemysl Krejčík 
264 1 |a Červený Kostelec :  |b Pavel Mervart,  |c 2015 
300 |a 65 stran :  |b ilustrace ;  |c 19 cm 
336 |a text  |b txt  |2 rdacontent 
337 |a bez média  |b n  |2 rdamedia 
338 |a svazek  |b nc  |2 rdacarrier 
655 7 |a česká poezie  |7 fd133958  |2 czenas 
655 9 |a Czech poetry  |2 eczenas 
910 2 |a BOA001  |b 1-1354.569 
990 |a BK 
995 |a 01 
991 |b 201510  |c NOV  |e b 
996 6 |b 2610647112  |c 1-1354.569  |l MZK  |r Sklad / do 1 hodiny  |n 0  |p p.v.  |w 001526980  |u 000010  |a 1  |e BOA001  |j MZK50  |s P